000 00402nam a22001697a 4500
005 20160514115751.0
008 160514b xxu||||| |||| 00| 0 eng d
020 _a81-203-1200-7
041 _aeng
082 _b2166
100 _aEugene MeKenna NIC Beech
_9622
245 _aHuman Resource Management
260 _aNew Delhi
_bPHI,
_c1995
300 _a196
650 _aManagement
_9241
942 _cBK
999 _c802
_d802